1531 1050 1522 1749 1397 1140 1089 1447 1795 1217 1786 1206 1350 1605 1580 1866 1480 1546 1774 1002 1683 1622 1204 1074 1846 1874 1883 1701 1680 1236 1192 1369 1017 1675 1209 1962 1821 1664 1653 1023 1029 1130 1978 1145 1136 1917 1483 1001 1201 1291 1353 1302 1836 1198 1704 1988 1119 1647 1949 1754 1174 1412 1956 1157 1089 1567 1702 1616 1835 1026 1036 1273 1131 1252 1712 1163 1675 1543 1990 1787 1149 1522 1222 1388 1953 1595 1428 1145 1788 1639 1402 1384 1378 1708 1627 1447 1848 1627 1106 BCNSPRNW ULIB Ver.6.0+V

เปลี่ยนเป็นภาษาไทย

Change to English
 แสดงรายละเอียดบรรณานุกรม
  กลับหน้าหลัก

Brief Record : Get Marc (ISO 2709) : E-mail record : QR code < ปิดหน้าต่าง
LEADER : 00000nam 2200000uu 4500
001    13399112151
003     ULIB
008    110627s2553||||th 000 0 tha d
020    9786165000192
090    นว.^bล258ห 2553
100 0  ลัลล์ลลิล
245 00 เหมันต์นิรันดร/^cลัลล์ลลิล
250    พิมพ์ครั้งที่ 1
260    กรุงเทพฯ :^bพิมพ์คำ,^c2553
300    414 หน้า
710 1  พิมพ์คำ
945    ^p260^l0^i028027
995    ทศพร
999 ^a ใช้งานได้ทุกระบบ
รายการนี้ยังไม่มีแท็ก
คุณยังไม่ได้ล็อกอิน คุณสามารถมีกิจกรรมร่วมกับเว็บไซต์ได้ แต่ต้องล็อกอินก่อน ::
  ล็อกอิน

รายการสื่อสารสนเทศ

ลำดับที่ ประเภท เลขเรียก/บาร์โค้ด สถานที่ สถานะ
- ไม่พบข้อมูล -

รายการใกล้เคียง
    ผู้แต่ง [ลัลล์ลลิล]

BibComment


ยังไม่เคยถูกคอมเมนท์

คอมเมนท์ทรัพยากรรายการนี้
  คอมเมนท์: เหมันต์นิรันดร ลั..


 Copyright 2026. Bcnsprnw @Library